| 000 | 00715nam a2200241Ia 4500 | ||
|---|---|---|---|
| 003 | OSt | ||
| 005 | 20220926005250.0 | ||
| 006 | a|||||r|||| 00| 0 | ||
| 007 | ta | ||
| 008 | 220923b |||||||| |||| 00| 0 eng d | ||
| 020 |
_a9789385540899 _c500.00 |
||
| 037 |
_b2201, 06/12/2019, Dhanraj Book House _cGeneral Book |
||
| 040 |
_aRTL _cRTL _beng |
||
| 041 |
_2eng _aeng |
||
| 082 | _aV2:51y7M93, Q7 | ||
| 100 | _aAMBEDKAR B R | ||
| 245 | 0 | _aRiddles in Hinduism. | |
| 260 |
_a New Delhi _bSamyak Prakashan _c2017 |
||
| 300 |
_a518p. _ccm. |
||
| 650 | _aSociology | ||
| 942 |
_hV2:51y7M93, Q7 _cGB _2CC |
||
| 999 |
_c613358 _d613358 |
||